[Event "CZE-chT 9596"]
[Site "?"]
[Date "1996.??.??"]
[Round "9"]
[White "Stocek, Jiri"]
[Black "Ioseliani, Nana"]
[Result "1-0"]
[WhiteElo "2465"]
[BlackElo "2485"]

1.e4 c5 2.Nf3 e6 3.Nc3 a6 4.d4 cxd4 5.Nxd4 d6 6.Be3 Nf6 7.g4 h6 8.Qf3 Nc6
9.Rg1 Bd7 10.h4 Qa5 11.Nb3 Qc7 12.g5 hxg5 13.hxg5 Nh5 14.g6 fxg6 15.O-O-O Be7
16.Qe2 b5 17.f4 Rf8 18.Qh2 b4 19.Na4 Rb8 20.e5 Rh8 21.Bd3 Nd8 22.Bxg6+ Kf8
23.exd6 Bxd6 24.Nac5 Rb5 25.Bxh5 Be8 26.Qd2 Bxc5 27.Bxc5+ Rxc5 28.Nxc5 Rxh5
29.Nxa6 Qa5 30.Qd6+ Kf7  1-0

[Event "CZE-chT 9596"]
[Site "?"]
[Date "1996.??.??"]
[Round "10"]
[White "Jirovsky, Petr"]
[Black "Hadraba, Vladimir"]
[Result "1/2-1/2"]
[WhiteElo "2295"]
[BlackElo "2275"]

1.e4 c5 2.Nf3 e6 3.d4 cxd4 4.Nxd4 a6 5.Nc3 Qc7 6.Bd3 Nf6 7.O-O b5 8.Be3 Bb7
9.a3 Be7 10.f4 d6 11.Qf3  1/2-1/2

[Event "CZE-chT2c 9596"]
[Site "CZE"]
[Date "1996.??.??"]
[Round "5"]
[White "Biolek, Richard"]
[Black "Berezjuk, Sergej"]
[Result "1-0"]
[WhiteElo "2455"]
[BlackElo "2395"]

1.e4 c5 2.Nf3 e6 3.d4 cxd4 4.Nxd4 a6 5.Nc3 b5 6.Bd3 d6 7.O-O Nf6 8.Re1 Bb7
9.a4 b4 10.Na2 a5 11.c3 bxc3 12.Nxc3 Be7 13.Bb5+ Nfd7 14.b4 axb4 15.Na2 O-O
16.Nxb4 Nf6 17.Nbc6 Nxc6 18.Nxc6 Bxc6 19.Bxc6 Rc8 20.Bb5 d5 21.exd5 Nxd5
22.Ba3 Bxa3 23.Rxa3 Qa5 24.Rd3 Rc5 25.Qd2 Qc7 26.Rg3 g6 27.Rd3 Rc8 28.Rd4 Rc2
29.Qd1 Qc3 30.Rf1 Qb2 31.Qg4 h5 32.Qh4 Rc1 33.Rdd1 Rxd1 34.Rxd1 Nc3 35.Rf1 Nxb5
36.axb5 Qxb5 37.Qf6 e5 38.f4 Qc5+ 39.Kh1 e4 40.f5 Qf2 41.Qa6 Rc6 42.Qa8+ Kh7
43.fxg6+ fxg6 44.Qa1 Qe3 45.Rf7+ Kh6 46.Qh8+ Kg5 47.Qd8+ Kh6 48.Qf8+ Kg5
49.Qe7+ Kg4 50.h3+ Kg3 51.Qe5+ Kh4 52.Rf4+  1-0

[Event "Decin op"]
[Site "Decin"]
[Date "1996.??.??"]
[Round "1"]
[White "Rogovski, Vladimir"]
[Black "Hadraba, Vladimir"]
[Result "1-0"]
[WhiteElo "2450"]
[BlackElo "2275"]

1.e4 c5 2.Nf3 e6 3.d4 cxd4 4.Nxd4 a6 5.Nc3 Qc7 6.Be2 Nf6 7.O-O d6 8.f4 Be7
9.Kh1 Nc6 10.Be3 O-O 11.Qe1 Nxd4 12.Bxd4 b5 13.a3 Bb7 14.Qg3 Bc6 15.Rae1 Qb7
16.Bd3 b4 17.axb4 Qxb4 18.Ne2 Qb7 19.e5 Nh5 20.Qh3 g6 21.Bc3 Bb5 22.exd6 Bxd6
23.f5 exf5 24.Bxf5 Rae8 25.Bg4 Ng7 26.Rg1 h5 27.Bf3 Bc6 28.Nd4 Bxf3 29.Qxf3 Qxf3
30.Nxf3 Nf5 31.Ra1 Re2 32.Rxa6 Rxc2 33.Nh4 Nxh4 34.Rxd6 Re8 35.Bf6 Nf5 36.Ra6 Nh6
37.h3 Nf5 38.Rga1 Ng3+ 39.Kh2 Ne4 40.Bd4 Ng5 41.Ra8 Rcc8 42.Rxc8 Rxc8 43.b4 Ne6
44.Be5 g5 45.Rb1 Rc6 46.Kg3 Kf8 47.Kf3 Ke7 48.Rb2 f6 49.Bh2 f5 50.Ke3 g4
51.b5 Rb6 52.h4 Kf6 53.Bf4 Ke7 54.Be5 Kf7 55.g3 Ke7 56.Kd3 Nf8 57.Kc4 Nd7
58.Bc7 Rb7 59.b6 f4 60.gxf4 Ke6 61.Kb5 Nxb6 62.Bxb6 Kf5 63.Kc6 Rg7 64.Rb5+ Kxf4
65.Bc7+ Ke4 66.Re5+  1-0

[Event "Decin op"]
[Site "Decin"]
[Date "1996.??.??"]
[Round "7"]
[White "Sleich, Jan"]
[Black "Hadraba, Vladimir"]
[Result "0-1"]
[WhiteElo "2200"]
[BlackElo "2275"]

1.e4 c5 2.Nf3 e6 3.Nc3 a6 4.d4 cxd4 5.Nxd4 Nc6 6.Be3 Nf6 7.Bd3 Be7 8.f4 d6
9.O-O O-O 10.Kh1 Qc7 11.a4 Nxd4 12.Bxd4 e5 13.Be3 exf4 14.Bxf4 Be6 15.Qf3 Nd7
16.Qg3 Ne5 17.Bh6 Ng6 18.Be3 Bh4 19.Qf3 Bf6 20.Rab1 Bxc3 21.bxc3 Ne5 22.Qg3 Qxc3
23.Bg5 Qc7 24.Bf6 Ng6 25.Bd4 Bc4 26.Rb6 Bxd3 27.cxd3 Rad8 28.Rfb1 Qc2 29.a5 d5
30.e5 Rd7 31.Qg4 Re7 32.Qg3 Rc8 33.h3 Qa4 34.Qg4 Rcc7 35.Rxb7 Rxb7 36.Rxb7 Rxb7
37.Qc8+ Nf8 38.Bc5 Rb1+ 39.Kh2 Qf4+ 40.g3 Qd2+  0-1

[Event "Dresden op"]
[Site "Dresden"]
[Date "1996.??.??"]
[Round "3"]
[White "Kaminski, Uwe"]
[Black "Kveinys, Aloyzas"]
[Result "1/2-1/2"]
[WhiteElo "2390"]
[BlackElo "2530"]

1.e4 c5 2.Nf3 e6 3.d4 cxd4 4.Nxd4 a6 5.Nc3 b5 6.Bd3 Qb6 7.Nb3 Qc7 8.Be3 Bb7
9.O-O d6 10.a3 Nd7 11.f4 Ngf6 12.Qe2 Be7 13.Rae1 O-O 14.Kh1 Rfe8 15.Nd4 Bf8
16.Bd2 Rad8 17.Nf3 e5 18.fxe5 dxe5 19.Nh4 g6 20.Bg5 Bg7 21.Qe3 h6 22.Bxf6 Nxf6
23.Nf3 Nh5 24.Ng1 Nf4 25.Nge2 Nxd3 26.cxd3 Rd6 27.Nc1 Qd7 28.Rf3 f5 29.Nb3 f4
30.Qe2 Rc8 31.Rd1 Qe6 32.Na5 Ba8 33.Rff1 Bf6 34.Rc1 Rcd8 35.Rfd1 h5 36.h3 Rf8
37.Rf1 Bd8 38.b4 Bb6 39.a4 Rfd8 40.axb5 Rxd3 41.Nc6 Bxc6 42.bxc6 Rd2 43.Qe1 R8d3
44.Rf3 Qxc6 45.Rxd3 Rxd3 46.Nd5 Qe6 47.Qf1 Be3 48.Ra1 Bd4 49.Qxd3  1/2-1/2

[Event "Asia-ch"]
[Site "Dubai"]
[Date "1996.??.??"]
[Round "?"]
[White "Kassis, Antoine"]
[Black "Najjar, Ahmad"]
[Result "0-1"]
[WhiteElo "2165"]
[BlackElo "2245"]

1.e4 c5 2.Nf3 e6 3.d4 cxd4 4.Nxd4 a6 5.Nc3 Qc7 6.g3 Nc6 7.Be3 Nf6 8.Bg2 Be7
9.O-O O-O 10.h3 b5 11.f4 b4 12.Nce2 Nxd4 13.Nxd4 Bb7 14.e5 Nd5 15.Bf2 d6
16.exd6 Bxd6 17.Qg4 Nf6 18.Qe2 Bxg2 19.Kxg2 e5 20.fxe5 Bxe5 21.Rac1 Rfe8
22.Qf3 Qc4 23.b3 Qd5 24.Rfd1 Rac8 25.Rd3 Qxf3+ 26.Kxf3 h5 27.c4 bxc3 28.Rdxc3 Rcd8
29.Rc4 Ne4 30.Nc6 Nd2+ 31.Kg2 Nxc4 32.Nxd8 Nb2 33.Nc6 Nd3 34.Rc2 Bf6 35.Kf3 Re6
36.Na5 Kh7 37.Rd2 Nxf2 38.Kxf2 Bc3 39.Rd5 Kg6 40.Nc4 f6 41.Ne3 Be5 42.g4 hxg4
43.hxg4 Rc6 44.Nc4 Bc7 45.Kf3 Kf7 46.Rd7+ Kg6 47.Ne3 Be5 48.Nf5 Rc7 49.Rxc7 Bxc7
50.Ne7+ Kf7 51.Nd5 Bd6 52.b4 Ke6 53.Nf4+ Ke5 54.a4 Kd4 55.b5 axb5 56.axb5 Kc5
57.g5 f5  0-1

[Event "Nord Cup 2nd"]
[Site "Duesseldorf"]
[Date "1996.??.??"]
[Round "6"]
[White "Stillger, Bernhard"]
[Black "Kitte, Sebastian"]
[Result "1/2-1/2"]
[WhiteElo "2310"]
[BlackElo "2265"]

1.e4 c5 2.Nf3 e6 3.d4 cxd4 4.Nxd4 a6 5.Nc3 d6 6.Be3 Nf6 7.f4 Qc7 8.Qf3 Nc6
9.O-O-O Be7 10.Rg1 Nxd4 11.Bxd4 e5 12.fxe5 dxe5 13.Qg3 Be6 14.Bxe5 Qa5 15.Bc7 Qc5
16.Be2 Rc8 17.Bd6 Bxd6 18.Qxd6 Nxe4  1/2-1/2

[Event "Nord Cup 2nd"]
[Site "Duesseldorf"]
[Date "1996.??.??"]
[Round "7"]
[White "Siemes, Robert"]
[Black "Eckert, Frank"]
[Result "1/2-1/2"]
[WhiteElo "2165"]
[BlackElo "2045"]

1.e4 c5 2.Nf3 e6 3.d4 cxd4 4.Nxd4 a6 5.Nc3 Qc7 6.Be2 Bb4 7.Qd3 Nf6 8.O-O Nc6
9.Nxc6 bxc6 10.a3 Be7 11.f4 d5 12.e5 Nd7 13.Kh1 g6 14.b3  1/2-1/2

[Event "RUS-ch sf"]
[Site "Ekaterinburg"]
[Date "1996.??.??"]
[Round "?"]
[White "Pozin, Sergey"]
[Black "Kalegin, Evgenij"]
[Result "0-1"]
[WhiteElo "2330"]
[BlackElo "2495"]

1.e4 c5 2.Nf3 e6 3.Nc3 a6 4.d4 cxd4 5.Nxd4 Qc7 6.Be2 Nf6 7.O-O Be7 8.Bg5 d6
9.f4 Nbd7 10.Kh1 b5 11.Bf3 Bb7 12.Qe1 h6 13.Bxf6 Bxf6 14.e5 dxe5 15.fxe5 Nxe5
16.Bxb7 Qxb7 17.a4 Rd8 18.Rd1 Rxd4 19.Rxd4 Nf3 20.Rxf3 Bxd4 21.axb5 axb5
22.Ne2 Bf6 23.Qb4 Be7 24.Qg4 O-O 25.Ng3 Qd5 26.c3 g6 27.Qf4 Bg5 28.Qc7 h5
29.h3 h4 30.Nf1 e5 31.Ne3 Qe4 32.Qc5 Ra8 33.Nf1 Qe2 34.Rf2 Qe1 35.Kg1 Bf4
36.Rf3 Qe2 37.Qe7 Qc4 38.b3 Qe4 39.Qc5 Ra2 40.Qxb5 Qc2  0-1

[Event "Elgoibar"]
[Site "Elgoibar"]
[Date "1996.??.??"]
[Round "9"]
[White "Sion Castro, Marcelino"]
[Black "Korneev, Oleg"]
[Result "0-1"]
[WhiteElo "2415"]
[BlackElo "2565"]

1.e4 c5 2.Nf3 e6 3.Nc3 a6 4.d4 cxd4 5.Nxd4 Qc7 6.Bd3 Nc6 7.Be3 Nf6 8.O-O Ne5
9.h3 Bc5 10.f4 Ng6 11.Kh1 d6 12.Qe1 O-O 13.a3 Bd7 14.Nb3 Bxe3 15.Qxe3 Rad8
16.Rad1 Bc8 17.Qa7 e5 18.fxe5 dxe5 19.Bxa6 Rxd1 20.Rxd1 Nxe4 21.Rd3 Nf4 22.Nxe4 Qxc2
23.Nf6+ Kh8 24.Rd2 Qxb3 25.Qc5 Ne6 26.Qxe5 bxa6 27.Qf5 gxf6 28.Qxf6+ Kg8
29.Rd4 h5  0-1

[Event "RUS-ch"]
[Site "Elista"]
[Date "1996.??.??"]
[Round "2"]
[White "Shabanov, Yuri"]
[Black "Landa, Konstantin"]
[Result "1-0"]
[WhiteElo "2405"]
[BlackElo "2570"]

1.e4 c5 2.Nf3 e6 3.Nc3 a6 4.d4 cxd4 5.Nxd4 Qc7 6.Be2 Nf6 7.O-O Bb4 8.Qd3 Nc6
9.Nxc6 bxc6 10.Be3 d5 11.exd5 cxd5 12.Na4 Bb7 13.c4 Qc6 14.Qc2 O-O 15.Rac1 dxc4
16.Bf3 Nd5 17.Nb6 Rab8 18.Qe2 Qb5 19.a4 Qe8 20.Rxc4 Nxb6 21.Rxb4 Bxf3 22.Qxf3 Nd5
23.Rh4 Nxe3 24.Qxe3 Qe7 25.Rh3 Rfd8 26.b3 Rb4 27.Rg3 Rbd4 28.h3 e5 29.Rc1 f5
30.Qe2 a5 31.Rgc3 h6 32.Rc8 Kh7 33.Rxd8 Rxd8 34.Qb5 f4 35.Re1 Re8 36.f3 Qa7+
37.Kh1 Rd8 38.Qxe5 Qf2 39.Rg1 Qe3 40.Qxa5 Rd2 41.Qf5+ Kg8 42.b4 Rd4 43.Qc8+ Kf7
44.Rc1 Rd8 45.Qc4+ Kf6 46.Qc3+ Rd4 47.a5 Kg5 48.Kh2 Qf2 49.Qe1 Qxe1 50.Rxe1 Rxb4
51.Ra1 Rb7 52.a6 Ra7 53.Ra4 h5 54.Kg1 Kf5 55.Kf2 Ke5 56.Ke2 Kd5 57.Kd3 Kc6
58.Ke4 Kb5 59.Ra1  1-0

[Event "RUS-ch"]
[Site "Elista"]
[Date "1996.??.??"]
[Round "6"]
[White "Landa, Konstantin"]
[Black "Beshukov, Sergei"]
[Result "0-1"]
[WhiteElo "2570"]
[BlackElo "2460"]

1.e4 c5 2.Nf3 e6 3.Nc3 a6 4.d4 cxd4 5.Nxd4 Nc6 6.Be2 Qc7 7.O-O Nf6 8.Kh1 Nxd4
9.Qxd4 Bc5 10.Qd3 b5 11.f4 Bb7 12.Bf3 h5 13.e5 Ng4 14.Bxb7 Qxb7 15.Ne4 Rc8
16.Bd2 Be7 17.a3 Qc6 18.Bb4 f5 19.exf6 gxf6 20.Bxe7 Kxe7 21.Rad1 f5 22.Nd6 Rcg8
23.Rf3 h4 24.Rd2 Nf6 25.Qe3 Rh5 26.Qc3 Qxc3 27.Rxc3 Nd5 28.Nc8+ Kf6 29.Rc5 Nxf4
30.Nb6 d5 31.Rf2 Ng6 32.a4 Ne5 33.Re2 Rh7 34.b3 Rb8 35.a5 Rg7 36.h3 Rd8 37.c4 bxc4
38.Nxc4 Nxc4 39.bxc4 dxc4  0-1

[Event "RUS-ch"]
[Site "Elista"]
[Date "1996.??.??"]
[Round "10"]
[White "Solozhenkin, Evgeniy"]
[Black "Yemelin, Vasily"]
[Result "0-1"]
[WhiteElo "2565"]
[BlackElo "2460"]

1.e4 c5 2.Nf3 e6 3.d4 cxd4 4.Nxd4 a6 5.Nc3 Qc7 6.g3 Bb4 7.Qd3 Nf6 8.Bg2 d6
9.O-O Bxc3 10.bxc3 Nbd7 11.f4 O-O 12.Nb3 Nb6 13.e5 dxe5 14.fxe5 Qxe5 15.Ba3 Re8
16.c4 Qc7 17.Rf4 e5 18.Bd6 Qd8 19.Rxf6 Qxf6 20.Rf1 Qg6 21.c5 e4 22.Qd4 Nd7
23.Qa4 f5 24.Nd4 Nf6 25.Bh3 f4 26.Bxc8 Rexc8 27.Rxf4 e3 28.Rf1 Ne4 29.Nf5 e2  0-1

[Event "RUS-ch"]
[Site "Elista"]
[Date "1996.??.??"]
[Round "11"]
[White "Shabanov, Yuri"]
[Black "Korneev, Oleg"]
[Result "0-1"]
[WhiteElo "2405"]
[BlackElo "2565"]

1.e4 c5 2.Nf3 e6 3.Nc3 a6 4.d4 cxd4 5.Nxd4 Qc7 6.Bd3 Nc6 7.Be3 Nf6 8.O-O Ne5
9.h3 Bc5 10.Qe2 d6 11.Nb3 Bxe3 12.Qxe3 O-O 13.Nd4 b5 14.Nf3 Ng6 15.Ne2 e5
16.Ng3 Re8 17.Rfe1 Bb7 18.c3 d5 19.Rad1 h6 20.Bb1 Rad8 21.Qc1 dxe4 22.Nxe4 Nd5
23.Ng3 Ndf4 24.Be4 Bxe4 25.Rxe4 f6 26.Qc2 Kh8 27.Ree1 Qc6 28.Qe4 Qxe4 29.Nxe4 Nd3
30.Re2 f5 31.Ng3 e4 32.Nd4 Ngf4 33.Red2 g6 34.Nge2 Nd5 35.Nc1 Nxc1 36.Rxc1 Nf4
37.Rcd1 h5 38.h4 Kh7 39.Kf1 Nd3 40.Ne2 Rc8 41.Nc1 Ne5 42.Re2 Red8 43.Ke1 Rxd1+
44.Kxd1 Kh6 45.Nb3 Nd3 46.Rd2 g5 47.hxg5+ Kxg5 48.Nc1 Nxc1 49.Kxc1 Kf4 50.Rd5 h4
51.g3+ hxg3 52.fxg3+ Kg4 53.a4 bxa4 54.Kd2 Rh8 55.c4 Rf8 56.Ke3 Rb8 57.Rd2 Rb3+
58.Kd4 e3 59.Rc2 Kf3 60.c5 e2 61.Rc1 Rxb2  0-1

[Event "BCF-chT 96/97"]
[Site "England"]
[Date "1996.??.??"]
[Round "4"]
[White "Heidenfeld, Mark"]
[Black "Smith, Alan A"]
[Result "1-0"]
[WhiteElo "2320"]
[BlackElo "2225"]

1.e4 c5 2.Nf3 e6 3.d4 cxd4 4.Nxd4 a6 5.Nc3 Qc7 6.g3 Bb4 7.Ne2 Nf6 8.Bg2 Be7
9.O-O Nc6 10.b3 d6 11.Bb2 O-O 12.Nf4 b5 13.Nd3 Bb7 14.Rc1 Ne5 15.h3 Rfd8
16.f4 Qb6+ 17.Kh2 Nc4 18.bxc4 bxc4 19.e5 Ne8 20.Na4 Qc7 21.Ne1 Bxg2 22.Nxg2 dxe5
23.Qf3 exf4 24.Nxf4 Rd2+ 25.Kh1  1-0

[Event "Eupen op"]
[Site "Eupen"]
[Date "1996.??.??"]
[Round "?"]
[White "Jahr, Ulrich"]
[Black "Chuchelov, Vladimir"]
[Result "0-1"]
[WhiteElo "2150"]
[BlackElo "2510"]

1.e4 c5 2.Nf3 e6 3.d4 cxd4 4.Nxd4 a6 5.Nc3 Qc7 6.Bd3 Nf6 7.O-O Bc5 8.Nb3 Be7
9.f4 d6 10.Qf3 O-O 11.g4 Re8 12.Bd2 Nc6 13.Rae1 Nb4 14.Re3 Nxd3 15.cxd3 b5
16.f5 exf5 17.gxf5 Bb7 18.Qg3 Qb6 19.Ne2 b4 20.Nbd4 Nd7 21.Nf3 Bf6 22.Ng5 h6
23.Nh3 d5 24.Nf2 dxe4 25.dxe4 Bxe4 26.Nxe4 Rxe4 27.Kh1 Rxe3 28.Bxe3 Qc6+
29.Kg1 Re8 30.Nf4 Qe4 31.Bc1 Bd4+  0-1

[Event "FIN-chT 9697"]
[Site "FIN"]
[Date "1996.??.??"]
[Round "1.1"]
[White "Sepp, Olav"]
[Black "Pyhala, Antti"]
[Result "1-0"]
[WhiteElo "2440"]
[BlackElo "2330"]

1.e4 c5 2.Nf3 e6 3.Nc3 a6 4.d4 cxd4 5.Nxd4 Qc7 6.Be2 b5 7.O-O Bb7 8.Bf3 Nc6
9.Nxc6 Bxc6 10.Re1 Bd6 11.Nd5 Qb8 12.e5 Ne7 13.exd6 Nxd5 14.Bxd5 Qxd6 15.Bxc6 Qxc6
16.c3 h5 17.Bf4 d5 18.a4 h4 19.Qg4 h3 20.axb5 Qxb5 21.Qxg7 Rh4 22.Qg8+ Ke7
23.Qg5+  1-0

[Event "FIN-chT 9596"]
[Site "FIN"]
[Date "1996.??.??"]
[Round "1"]
[White "Hokkanen, Petri"]
[Black "Havansi, Erkki ET"]
[Result "1/2-1/2"]
[WhiteElo "2260"]
[BlackElo "2270"]

1.e4 c5 2.Nf3 e6 3.Nc3 a6 4.d4 cxd4 5.Nxd4 Qc7 6.g3 Nf6 7.Bg2 Be7 8.O-O d6
9.a4 O-O 10.Re1 Bd7 11.Be3 Nc6 12.Nxc6 Bxc6 13.a5 Nd7 14.Na4 Nc5 15.Nb6 Rad8  1/2-1/2

[Event "Finkenstein op"]
[Site "Finkenstein"]
[Date "1996.??.??"]
[Round "7"]
[White "Gallob, M."]
[Black "Grom, Waldemar"]
[Result "0-1"]
[WhiteElo "1925"]
[BlackElo "1845"]

1.e4 c5 2.Nf3 e6 3.d4 cxd4 4.Nxd4 a6 5.Nc3 d6 6.a3 Be7 7.Be2 Bd7 8.O-O Nc6
9.Nb3 Nf6 10.Kh1 Rc8 11.f4 Qc7 12.Qe1 g6 13.e5 Ng8 14.Qf2 d5 15.Be3 b5 16.Rfd1 Rb8
17.Nc5 Qc8 18.b4 Bxc5 19.Bxc5 Nge7 20.a4 bxa4 21.Nxa4 O-O 22.Nb6 Qd8 23.c3 Re8
24.Rxa6 Bc8 25.Nxc8 Qxc8 26.b5 Nd8 27.Rda1 Nb7 28.Bb4 Nf5 29.g4 Ne7 30.Bd6 Nxd6
31.exd6 Qxc3 32.dxe7 Rxe7 33.Ra8 Rc8 34.Qa7  0-1

[Event "BEL-ch"]
[Site "Geel"]
[Date "1996.??.??"]
[Round "1"]
[White "Ahn, Martin"]
[Black "Meulders, Richard"]
[Result "1-0"]
[WhiteElo "2320"]
[BlackElo "2265"]

1.e4 c5 2.Nf3 e6 3.d4 cxd4 4.Nxd4 a6 5.Nc3 Qc7 6.g3 Bb4 7.Ne2 Nf6 8.Bg2 Be7
9.O-O O-O 10.Nf4 d6 11.g4 Nc6 12.g5 Nd7 13.Nd3 b5 14.f4 b4 15.Ne2 Bb7 16.Kh1 Nc5
17.Ng3 Rac8 18.f5 exf5 19.Nxf5 Ne5 20.Nxc5 dxc5 21.Bf4 Rfe8 22.Qe1 Bf8 23.Qg3 g6
24.Ne3 Bg7 25.Ng4 Qe7 26.Bxe5 Bxe5 27.Nh6+ Kg7 28.Qh4 f6 29.Qg4 Kh8 30.Rad1 Rc7
31.h4 Bxb2 32.Rd2 Bd4 33.gxf6 Bxf6 34.Rdf2 Bg7 35.Rf7 Qe5 36.Rxc7 Qxc7 37.Rf7 Re7
38.Qf3 Rxf7 39.Nxf7+ Kg8 40.Ng5 c4 41.Bh3 h6 42.Be6+ Kh8 43.Nf7+ Kh7 44.h5 Qc5
45.hxg6+ Kxg6 46.Nd6 Qh5+ 47.Qxh5+ Kxh5 48.Nxb7 b3 49.axb3 cxb3 50.cxb3 Kg5
51.Nc5 a5 52.Nd3 Bd4 53.Kg2 Kf6 54.Bh3 Ba1 55.Kf3 Bc3 56.Ke3 h5 57.Bd7 Ke7
58.Bb5 Kd6 59.Kf4 h4 60.e5+ Kd5 61.Bc4+ Kd4 62.e6  1-0

[Event "BL2-S9596"]
[Site "Germany"]
[Date "1996.??.??"]
[Round "?"]
[White "Gerigk, Erasmus"]
[Black "Warthmann, Ralf"]
[Result "1/2-1/2"]
[WhiteElo "2280"]
[BlackElo "2165"]

1.e4 c5 2.Nf3 e6 3.Nc3 a6 4.d4 cxd4 5.Nxd4 d6 6.f4 Nf6 7.Nf3 Qc7 8.Bd3 b5
9.a3 Bb7 10.O-O Nbd7 11.Qe1 Be7 12.Kh1 O-O 13.e5 Nd5 14.Bd2 dxe5 15.fxe5 Nxc3
16.Bxc3 Nc5 17.Be2 Rac8 18.Ba5 Qc6 19.Bb4 Qe4 20.Rc1 Rfe8 21.Qf2 Qg6 22.Qe3 Be4
23.c4 Nd3 24.Bxd3 Bxd3 25.Rfd1 Bxb4 26.Qxd3 Qxd3 27.Rxd3 bxc4 28.Rd4 Bf8
29.Rdxc4 Rb8 30.R1c2 Rb5 31.a4 Rd5 32.Kg1 a5 33.Kf2 g6 34.Ke3 h6 35.Ke4 Red8
36.Nd4 R8d7 37.b3 Kh7 38.R2c3 g5 39.h3 Kg6 40.Nf3 Bb4 41.Rc2 Rd3 42.Nd4 Rd1
43.Nf3 R7d5 44.Rc8 Kg7 45.Ra8 Rd8 46.Rxd8 Rxd8 47.Nd4 Rd5 48.Rc7 Kf8 49.Rc8+ Kg7
50.Rc7 Kg6 51.Rc8 Kg7  1/2-1/2

[Event "BL2-O9596"]
[Site "Germany"]
[Date "1996.??.??"]
[Round "?"]
[White "Kyas, Juergen"]
[Black "Jahn, Constanze"]
[Result "1-0"]
[WhiteElo "2255"]
[BlackElo "2225"]

1.e4 c5 2.Nf3 e6 3.d4 cxd4 4.Nxd4 a6 5.Nc3 Qc7 6.g3 Nf6 7.Bg2 Be7 8.O-O O-O
9.Re1 d6 10.Be3 Nc6 11.Nxc6 bxc6 12.Na4 Rb8 13.c4 c5 14.b3 Bd7 15.Nc3 Bc6
16.f4 Rfd8 17.Qe2 Nd7 18.Rad1 Bf6 19.Rd3 Qb7 20.Bf2 g6 21.Red1 Bg7 22.Qd2 Qb4
23.Qc2 Rbc8 24.Ne2 Bf8 25.Nc3 Qb8 26.Be3 Nf6 27.Bc1 Re8 28.Bb2 Ng4 29.h3 Nh6
30.g4 f5 31.exf5 Bxg2 32.Qxg2 Bg7 33.Ne4 Qa8 34.Bxg7 Kxg7 35.Qb2+ e5 36.Nxd6  1-0

[Event "BL2-S9596"]
[Site "Germany"]
[Date "1996.??.??"]
[Round "?"]
[White "Kekelidze, Mikheil"]
[Black "Klebel, Martin"]
[Result "1-0"]
[WhiteElo "2290"]
[BlackElo "2395"]

1.e4 c5 2.Nf3 e6 3.d4 cxd4 4.Nxd4 a6 5.Nc3 Qc7 6.Bd3 Nc6 7.Be3 Nf6 8.O-O Ne5
9.Be2 Bb4 10.f4 Nc4 11.Bxc4 Qxc4 12.e5 Nd5 13.Nxd5 Qxd5 14.Nb3 Qe4 15.Qd4 Qxd4
16.Bxd4 b5 17.Bc5 Bxc5+ 18.Nxc5 Ra7 19.b4 Bb7 20.a4 Bc6 21.axb5 Bxb5 22.Rfc1 Bc4
23.Rd1 Ke7 24.Rd4 Be2 25.Kf2 Bh5 26.Rxa6 Rc7 27.Rad6 Rd8 28.c4 h6 29.Na6 Ra7
30.b5 Rc8 31.b6 Rb7 32.c5 Bg6 33.Rb4 Ra8 34.c6 dxc6 35.Nc5 Rbb8 36.Rd7+ Ke8
37.Ra7  1-0

[Event "BL9596 (Women)"]
[Site "Germany"]
[Date "1996.??.??"]
[Round "?"]
[White "Daemering, Katrin"]
[Black "Jahn, Constanze"]
[Result "0-1"]
[WhiteElo "2185"]
[BlackElo "2225"]

1.e4 c5 2.Nf3 e6 3.d4 cxd4 4.Nxd4 a6 5.Nc3 Qc7 6.Be2 Bb4 7.Qd3 Nf6 8.O-O Nc6
9.Nxc6 dxc6 10.a3 Be7 11.f4 Bd7 12.Qg3 g6 13.Be3 c5 14.Qf2 b6 15.Rad1 Bc6
16.f5 Nxe4 17.Nxe4 Bxe4 18.fxe6 f5 19.g4 Bd6 20.Rd2 O-O 21.Bh6 fxg4 22.Bxf8 Rxf8
23.Qh4 Bf4 24.Qf2 Qe7 25.Bc4 Bc6 26.Re2 b5 27.Ba2 c4 28.Qe1 Bf3 29.Ref2 Rf6
30.Rxf3 gxf3 31.Rxf3 Rxe6 32.Qf2 Be3 33.Rxe3 Rxe3 34.Kf1 Qe4  0-1

[Event "BL9596 (Women)"]
[Site "Germany"]
[Date "1996.??.??"]
[Round "?"]
[White "Nowicki, Eva"]
[Black "Steinbacher, Claudia"]
[Result "1/2-1/2"]
[WhiteElo "2080"]
[BlackElo "2030"]

1.e4 c5 2.Nf3 e6 3.d4 cxd4 4.Nxd4 a6 5.Nc3 Qc7 6.Bd3 Nf6 7.Qe2 d6 8.Be3 Bd7
9.f4 Nc6 10.O-O Be7 11.Kh1 O-O 12.Nxc6 Bxc6 13.f5 b5 14.Bg5 Rae8 15.fxe6 fxe6
16.Bd2 Nd7 17.Rxf8+ Bxf8 18.Nd1 Ne5 19.Nf2 Be7 20.Ng4 Nxg4 21.Qxg4 Bf6 22.Rb1 Qe7
23.a3 Rf8 24.c3 Be5 25.Be3 Bd7 26.Rf1 Rxf1+ 27.Bxf1 Qf6 28.Bd3 Be8 29.Qg5 Qxg5
30.Bxg5 Bg6 31.Kg1 d5 32.Kf2 dxe4 33.Be2 Kf7 34.g3 h6 35.Be3 Ke7 36.a4 Be8
37.Bc5+ Bd6 38.Bd4 e5 39.Ba7 Bc6 40.axb5 axb5 41.c4 bxc4 42.Bxc4 Kf6 43.Ke3 Be7
44.Kf2 Kf5 45.Be3 Bb4 46.Bb6 Bd2 47.Be3 Bb4 48.Bb6 Bd2 49.Be3 Bb4  1/2-1/2

[Event "BL2-O9697"]
[Site "Germany"]
[Date "1996.??.??"]
[Round "?.4"]
[White "Kyas, Juergen"]
[Black "Priehoda, Vitezslav"]
[Result "1/2-1/2"]
[WhiteElo "2265"]
[BlackElo "2400"]

1.e4 c5 2.Nf3 e6 3.d4 cxd4 4.Nxd4 a6 5.Nc3 Qc7 6.g3 Nf6 7.Bg2 Nc6 8.O-O Nxd4
9.Qxd4 Bc5 10.Bf4 d6 11.Qd2 h6 12.Rad1 e5 13.Be3 Ke7 14.f4 Be6 15.Kh1 Rhd8
16.Nd5+ Bxd5 17.exd5 Bxe3 18.Qxe3 Nd7 19.Qe4 Nf6 20.Qe3 Kf8 21.fxe5 dxe5
22.d6 Rxd6 23.Qxe5 Rad8 24.Rxd6 Rxd6 25.c4 Qd7 26.h3 b6 27.b4 Qe6 28.Qxe6 Rxe6
29.c5 Ne4 30.Bxe4 Rxe4 31.Rc1 bxc5 32.bxc5 Ke7 33.c6 Kd8 34.Rd1+ Kc7  1/2-1/2

[Event "BL2-S9697"]
[Site "Germany"]
[Date "1996.??.??"]
[Round "?.7"]
[White "Gerigk, Erasmus"]
[Black "Eichler, Christoph"]
[Result "1/2-1/2"]
[WhiteElo "2265"]
[BlackElo "2260"]

1.e4 c5 2.Nf3 e6 3.Nc3 a6 4.d4 cxd4 5.Nxd4 Qc7 6.g3 b5 7.Bg2 Bb7 8.O-O d6
9.Re1 Nd7 10.a4 bxa4 11.Rxa4 Be7 12.Nb3 Rd8 13.Qe2 Nc5 14.Rc4 Nf6 15.e5 Nfd7
16.Nxc5 Nxc5 17.b4 d5 18.Rxc5 Bxc5 19.bxc5 Qxc5 20.Nb1 Qb5 21.Ba3 Qxe2 22.Rxe2 Rc8
23.c3 Kd7 24.Rb2 Bc6 25.Bd6 Ra8 26.Bf1 Ra7 27.Nd2 Rha8 28.Nb3 a5 29.Nd4 Rb7
30.Rxb7+ Bxb7 31.Bb5+ Kd8 32.f4 Rc8 33.Ne2 Bc6 34.Ba6 Ra8 35.Bd3 a4 36.Ba3 Rb8
37.Nd4 Bd7 38.Kf2 Rc8 39.Ne2 Rb8 40.Bc2 h5 41.Ke3 Rc8 42.Kd2 g6 43.Nd4 Kc7
44.Bd3 Kb6 45.Kc2 Be8 46.Kb2 Bd7 47.Bb4 Rc7 48.Bc2 Rc8 49.Nf3 Bb5 50.Ng5 Be8
51.Bd3 Rc6 52.h3 Rc7 53.g4 hxg4 54.hxg4 Bb5 55.Bc2 Ra7 56.f5 gxf5 57.gxf5 exf5
58.Bxf5 Be2 59.Ka3 Bd1 60.Bh3 Kc6 61.Bg2 Bb3 62.Bf3 Rd7 63.Bg4 Rc7 64.Nf3 d4
65.Nxd4+ Kd5 66.Nf5 Ke4 67.Kb2 Kf4 68.Bd6 Kxg4  1/2-1/2

[Event "Landesliga S9596 Bayern"]
[Site "Germany"]
[Date "1996.??.??"]
[Round "?"]
[White "Scheckenbach, Franz"]
[Black "Eichler, Christoph"]
[Result "0-1"]
[WhiteElo "2145"]
[BlackElo "2080"]

1.e4 c5 2.Nf3 e6 3.Nc3 a6 4.d4 cxd4 5.Nxd4 Qc7 6.g3 Nc6 7.Bg2 Nf6 8.O-O Be7
9.Be3 d6 10.a4 Na5 11.h3 Bd7 12.Qd3 Nc4 13.Bc1 Rc8 14.f4 O-O 15.Kh2 Qc5 16.Nb3 Qc7
17.Nd4 Rfe8 18.b3 Na5 19.Bb2 Nc6 20.Nxc6 Bxc6 21.Ne2 Bxe4 22.Bxe4 Nxe4 23.Rac1 Nc5
24.Qf3 Bf8 25.Nd4 Qb6 26.Ba1 d5 27.Qg4 Ne4 28.Nf3 Qe3 29.Ne5 Qd2+ 30.Kg1 Bc5+
31.Kh1 Nf2+ 32.Rxf2 Qxc1+ 33.Kg2 Qxa1  0-1

[Event "NRW-Liga II 9596"]
[Site "Germany"]
[Date "1996.??.??"]
[Round "?"]
[White "Schoenthier, Frank"]
[Black "Miezis, Normunds"]
[Result "1/2-1/2"]
[WhiteElo "2365"]
[BlackElo "2505"]

1.e4 c5 2.Nf3 e6 3.d4 cxd4 4.Nxd4 a6 5.Nc3 Qc7 6.g3 Bb4 7.Ne2 Nf6 8.Bg2 Nc6
9.O-O Bc5 10.Bf4 Ne5 11.Na4 Ba7 12.c4 d6 13.Rc1 Bd7 14.h3 Rd8 15.Nac3 h6
16.b3 g5 17.Bd2 Rg8 18.Be1 g4 19.h4 Nf3+ 20.Kh1 Qc5 21.Nf4 Qe5 22.Bxf3 gxf3
23.Qxf3 Bc6 24.Qg2 Nxe4 25.Nxe4 Qxe4 26.f3 Qf5 27.Bd2 Bd4 28.Kh2 Kd7 29.Rce1 Be5
30.Re2 Rg7 31.Qh3 Qxh3+ 32.Kxh3 Rdg8 33.Be1 Bxf4 34.gxf4 b5 35.h5 bxc4 36.bxc4 d5
37.cxd5 Bxd5 38.Bh4 f5 39.Rd2 a5 40.Rc1 Rg1 41.Rxg1 Rxg1 42.Bf6 Ke8 43.Rd3  1/2-1/2

[Event "BL9697 (Women)"]
[Site "Germany"]
[Date "1996.??.??"]
[Round "?"]
[White "Weng, Annegret"]
[Black "Kouwenhoven, Marisca"]
[Result "0-1"]
[WhiteElo "2085"]
[BlackElo "2120"]

1.e4 c5 2.Nf3 e6 3.d4 cxd4 4.Nxd4 a6 5.Nc3 b5 6.Bd3 Bb7 7.O-O Qc7 8.Kh1 Nf6
9.Qe2 d6 10.f4 Nbd7 11.Nf3 b4 12.Nd1 Nc5 13.Nf2 Be7 14.Bd2 Nxd3 15.cxd3 a5
16.Rac1 Qd7 17.g4 O-O 18.g5 Ne8 19.Nd4 e5 20.Nf3 exf4 21.Bxf4 d5 22.Rg1 dxe4
23.dxe4 Rc8 24.Rxc8 Qxc8 25.Rc1 Qa8 26.Nd4 Nd6 27.Bxd6 Bxd6 28.Nf5 Bf4 29.Re1 Re8
30.Qf3 Bc7 31.Qe3 Qd8 32.Qf3 Qd2 33.Rg1 Bxe4  0-1

[Event "BL9697 (Women)"]
[Site "Germany"]
[Date "1996.??.??"]
[Round "?"]
[White "Seidemann, Ulrike"]
[Black "Zahn, Nicol"]
[Result "0-1"]
[WhiteElo "2090"]
[BlackElo "2065"]

1.e4 c5 2.Nf3 e6 3.d4 cxd4 4.Nxd4 a6 5.Nc3 Qc7 6.Be2 Nf6 7.O-O Be7 8.Be3 O-O
9.f4 d6 10.g4 Nc6 11.g5 Nxd4 12.Bxd4 Nd7 13.Kh1 b5 14.Bd3 Nc5 15.Qh5 Nxd3
16.cxd3 f5 17.Rf3 g6 18.Qh6 Bd8 19.Rh3 Bb7 20.Rf1 b4 21.Nd5 Bxd5 22.exd5 e5
23.fxe5 dxe5 24.Bxe5 Qf7 25.Kg1 Ra7 26.d4 Qxd5 27.a3 Bb6 28.Re1 Bxd4+ 29.Bxd4 Qxd4+
30.Kf1 Qxb2 31.axb4 Qxb4 32.Rhe3 a5 33.Qh3 Qf4+ 34.Kg1 Qxg5+ 35.Kf2 Qf4+
36.Kg1 Rd7 37.Qg2 Qg4 38.Rg3 Qd4+ 39.Kh1 Qd5 40.Rf3 Rc7 41.Kg1 Rfc8  0-1